[Event "XI Open Vallee d'Aoste A"]
[Site "Saint Vincent - Chatillon ITA"]
[Date "2003.02.09"]
[Round "2"]
[White "Papa, Severin"]
[Black "Rotstein, Arkadij"]
[Result "0-1"]
[WhiteElo "2356"]
[BlackElo "2544"]
[PlyCount "80"]
[EventDate "2003.02.08"]

1. e4 c5 2. Nf3 e6 3. d4 cxd4 4. Nxd4 a6 5. Nc3 Qc7 6. Bd3 Nf6 7. O-O d6 8. f4
Be7 9. Be3 Nc6 10. Kh1 O-O 11. Qe1 Bd7 12. Qg3 Rad8 13. Nf3 Nb4 14. e5 Nh5 15.
Qf2 Nxd3 16. cxd3 Qb8 17. g4 dxe5 18. Ba7 Qa8 19. gxh5 Bc6 20. Bb6 Rxd3 21. Qe2
Rxf3 22. Rxf3 Bd8 23. Bxd8 b5 24. Raf1 Rxd8 25. fxe5 b4 26. Nd1 Rd4 27. Kg1
Bxf3 28. Rxf3 Qd5 29. Nf2 Qxa2 30. Rg3 h6 31. Qe3 Qd5 32. Nd3 Kf8 33. Rf3 Kg8
34. Kf2 a5 35. Rg3 Kf8 36. Rf3 Kg8 37. Rg3 Kf8 38. Rf3 Qc4 39. Rf4 Qc2+ 40. Qe2
Qxd3 0-1

[Event "XI Open Vallee d'Aoste A"]
[Site "Saint Vincent - Chatillon ITA"]
[Date "2003.02.09"]
[Round "2"]
[White "Skripchenko, Almira"]
[Black "Friedrich, Norbert"]
[Result "1-0"]
[WhiteElo "2501"]
[BlackElo "2294"]
[PlyCount "87"]
[EventDate "2003.02.08"]

1. e4 e6 2. d3 d5 3. Qe2 Nf6 4. Nf3 Nc6 5. g3 dxe4 6. dxe4 e5 7. Bg2 Bc5 8. O-O
O-O 9. c3 a5 10. Nh4 Bg4 11. Bf3 Bh3 12. Rd1 Qc8 13. Be3 Bxe3 14. Qxe3 Rd8 15.
Na3 Qe6 16. Nb5 Qe7 17. Re1 Ne8 18. Be2 Qf6 19. Ng2 Rd7 20. Red1 Rad8 21. Ne1
Be6 22. Rxd7 Rxd7 23. f4 Qh6 24. Nf3 Bg4 25. a4 Nf6 26. Rf1 Bh3 27. Rd1 Rxd1+
28. Bxd1 exf4 29. gxf4 Qh5 30. Be2 Qg4+ 31. Kf2 Qg2+ 32. Ke1 Bg4 33. Nxc7 Bxf3
34. Qxf3 Qg1+ 35. Kd2 Qb1 36. e5 Qxb2+ 37. Ke1 Qb1+ 38. Bd1 Ne4 39. Nb5 g6 40.
Qe3 Ne7 41. Nd6 Nxd6 42. exd6 Nc6 43. d7 Qa1 44. Qd4 1-0

[Event "XI Open Vallee d'Aoste A"]
[Site "Saint Vincent - Chatillon ITA"]
[Date "2003.02.09"]
[Round "2"]
[White "Tiviakov, Sergei"]
[Black "Bellia, Fabrizio"]
[Result "1/2-1/2"]
[WhiteElo "2635"]
[BlackElo "2410"]
[PlyCount "51"]
[EventDate "2003.02.08"]

1. e4 e5 2. Nf3 Nf6 3. d4 Nxe4 4. Bd3 Nc6 5. d5 Nf6 6. dxc6 e4 7. cxb7 Bxb7 8.
Be2 exf3 9. Bxf3 Bb4+ 10. c3 Bxf3 11. Qxf3 Be7 12. O-O O-O 13. Nd2 d5 14. Nb3
c5 15. Bg5 Ne4 16. Bxe7 Qxe7 17. Qe3 c4 18. Nd4 Qd7 19. Rae1 Rfe8 20. Qf4 g6
21. Re3 Nc5 22. Rh3 Re4 23. Qh6 f5 24. Re3 Rae8 25. Rxe4 dxe4 26. b3 1/2-1/2

[Event "XI Open Vallee d'Aoste A"]
[Site "Saint Vincent - Chatillon ITA"]
[Date "2003.02.09"]
[Round "2"]
[White "Volkov, Sergey"]
[Black "Bukal, Vladimir sr"]
[Result "1-0"]
[WhiteElo "2624"]
[BlackElo "2404"]
[PlyCount "98"]
[EventDate "2003.02.08"]

1. d4 d5 2. c4 c6 3. Nf3 Nf6 4. e3 a6 5. Nbd2 Bf5 6. Qb3 Ra7 7. Bd3 Bxd3 8.
Qxd3 e6 9. O-O Nbd7 10. b3 Bd6 11. Bb2 O-O 12. Rad1 Re8 13. e4 dxe4 14. Nxe4
Nxe4 15. Qxe4 Ra8 16. Kh1 Be7 17. Rd3 Qc7 18. Rfd1 Rad8 19. h3 Bf6 20. Bc1 c5
21. Bf4 Qc8 22. Ne5 cxd4 23. Rxd4 Nxe5 24. Bxe5 Rxd4 25. Rxd4 Bxe5 26. Qxe5 Rd8
27. b4 Rxd4 28. Qxd4 f6 29. a4 Kf7 30. b5 axb5 31. axb5 Ke7 32. Qb6 Qxc4 33.
Qxb7+ Kd6 34. Qa6+ Kd5 35. Qa8+ Kd6 36. Qf8+ Kd5 37. Qa8+ Kd6 38. Qa3+ Kd7 39.
Qa7+ Kd6 40. Qb8+ Qc7 41. Qf8+ Kd5 42. Qb4 Qc5 43. Qb1 Qb6 44. Qd3+ Kc5 45.
Qxh7 Kxb5 46. Qxg7 Qxf2 47. Qd7+ Kb4 48. Qxe6 Qf1+ 49. Kh2 Qf4+ 1-0

[Event "XI Open Vallee d'Aoste A"]
[Site "Saint Vincent - Chatillon ITA"]
[Date "2003.02.09"]
[Round "2"]
[White "Werle, Jan"]
[Black "Palac, Mladen"]
[Result "0-1"]
[WhiteElo "2393"]
[BlackElo "2591"]
[PlyCount "278"]
[EventDate "2003.02.08"]

1. Nf3 Nf6 2. c4 e6 3. Nc3 Bb4 4. Qc2 O-O 5. a3 Bxc3 6. Qxc3 d6 7. g3 e5 8. Bg2
c5 9. O-O Nc6 10. d3 Bg4 11. Re1 Qd7 12. e4 Bxf3 13. Bxf3 Nd4 14. Bg2 b5 15. b4
a5 16. bxa5 bxc4 17. Qxc4 Rxa5 18. Be3 Ra4 19. Qc3 Rb8 20. Bxd4 cxd4 21. Qc2
Rc8 22. Qb3 Rc3 23. Qb8+ Rc8 24. Qb3 Rca8 25. Rec1 g6 26. Rc4 R4a7 27. a4 Qe6
28. Qc2 Kg7 29. f4 Nd7 30. fxe5 Qxe5 31. Qf2 Nc5 32. Rf1 Nxd3 33. Qxd4 Qxd4+
34. Rxd4 Ne5 35. Ra1 Kf8 36. Rb4 Nd3 37. Rd4 Nc5 38. Rxd6 Rxa4 39. Rf1 Re8 40.
Rdf6 Re7 41. e5 Rd4 42. Rd6 Ra4 43. Bd5 Kg7 44. Rdf6 Raa7 45. Bc4 Ne4 46. Bd5
Ng5 47. Re1 Rad7 48. Bg2 Rd3 49. h4 Ne6 50. Rf3 Rxf3 51. Bxf3 Nc5 52. Re3 Nd7
53. Kf2 Nxe5 54. Be2 Kf6 55. Ra3 Rd7 56. g4 Rd4 57. Kg3 h6 58. Ra6+ Kg7 59. Ra3
Rd2 60. Re3 Kf6 61. Bf1 Rd5 62. Ra3 Rd4 63. Be2 Re4 64. Bf3 Rd4 65. Ra6+ Ke7
66. Ra7+ Ke6 67. Ra6+ Ke7 68. Ra7+ Kf8 69. Ra3 Kg7 70. Rb3 Nd7 71. Rb7 Nf6 72.
Re7 Kf8 73. Re3 Ne8 74. Re5 Nc7 75. Rc5 Ne6 76. Rd5 Rb4 77. Rd7 Rb3 78. Kf2 Nc5
79. Rd4 Nd3+ 80. Kg1 Ne5 81. Be2 Rh3 82. h5 gxh5 83. gxh5 Nf3+ 84. Bxf3 Rxf3
85. Rd6 Kg7 86. Kg2 Rf5 87. Kg3 Rxh5 88. Ra6 f6 89. Rb6 Ra5 90. Kg4 Kg6 91. Rb8
h5+ 92. Kg3 Ra3+ 93. Kf4 Ra4+ 94. Kg3 Kg5 95. Rg8+ Kf5 96. Rh8 Ra3+ 97. Kg2 Kg4
98. Rg8+ Kf4 99. Rh8 Ra2+ 100. Kh3 Ra3+ 101. Kg2 Rg3+ 102. Kf2 Rg5 103. Ra8 Rb5
104. Ra4+ Kg5 105. Ra8 f5 106. Ra4 Rb3 107. Kg2 Re3 108. Rb4 Re4 109. Rb8 Kg4
110. Rg8+ Kf4 111. Rh8 Re2+ 112. Kf1 Rh2 113. Kg1 Rh4 114. Kf2 Rh2+ 115. Kg1
Rh3 116. Kg2 Rg3+ 117. Kf2 Rg5 118. Rh7 Kg4 119. Kg2 Rg6 120. Ra7 Rd6 121. Rg7+
Kf4 122. Rh7 Rg6+ 123. Kf2 Kg4 124. Kg2 h4 125. Rh8 Rb6 126. Rg8+ Kf4 127. Ra8
Rb3 128. Ra4+ Kg5 129. Ra8 h3+ 130. Kh2 f4 131. Ra2 Kg4 132. Rf2 Re3 133. Ra2
Re4 134. Ra3 Re2+ 135. Kg1 f3 136. Ra8 h2+ 137. Kh1 Re1+ 138. Kxh2 f2 139. Rg8+
Kh5 0-1

[Event "XI Open Vallee d'Aoste A"]
[Site "Saint Vincent - Chatillon ITA"]
[Date "2003.02.10"]
[Round "3"]
[White "Baklan, Vladimir"]
[Black "Prasad, Devaki V."]
[Result "1/2-1/2"]
[WhiteElo "2605"]
[BlackElo "2400"]
[PlyCount "44"]
[EventDate "2003.02.08"]

1. e4 c6 2. d4 d5 3. e5 Bf5 4. Nf3 e6 5. Be2 Ne7 6. O-O c5 7. dxc5 Nec6 8. c4
d4 9. Re1 Bxc5 10. Bd3 Bg6 11. a3 a5 12. Bxg6 hxg6 13. Nbd2 a4 14. Ne4 Nd7 15.
Bf4 Qb6 16. Rb1 Be7 17. b4 axb3 18. Rxb3 Qa7 19. Qb1 Rb8 20. Nd6+ Bxd6 21. exd6
O-O 22. Ng5 Qc5 1/2-1/2

[Event "XI Open Vallee d'Aoste A"]
[Site "Saint Vincent - Chatillon ITA"]
[Date "2003.02.10"]
[Round "3"]
[White "Bauer, Christian"]
[Black "Ibrahimov, Rasul"]
[Result "1/2-1/2"]
[WhiteElo "2579"]
[BlackElo "2462"]
[PlyCount "122"]
[EventDate "2003.02.08"]

1. d4 Nf6 2. c4 e6 3. Nf3 b6 4. g3 Ba6 5. b3 Bb4+ 6. Bd2 Be7 7. Nc3 O-O 8. e4
d5 9. cxd5 Bxf1 10. Kxf1 exd5 11. e5 Ne4 12. Kg2 c5 13. Re1 Nc6 14. dxc5 Nxc3
15. Bxc3 bxc5 16. Qe2 d4 17. Qe4 dxc3 18. Qxc6 Rc8 19. Qa4 c4 20. Re3 cxb3 21.
Qxb3 Qa5 22. Rc1 Rb8 23. Qxc3 Qxa2 24. Ra1 Qd5 25. Rxa7 Rb7 26. Ra6 Rb1 27. Qc6
Qxc6 28. Rxc6 Rb7 29. Rd3 g6 30. h4 Kg7 31. Nd2 Rd8 32. Rxd8 Bxd8 33. Rc8 Be7
34. Ne4 f6 35. exf6+ Bxf6 36. Nd6 Rd7 37. Rc7 Rxc7 38. Ne8+ Kf7 39. Nxc7 Be5
40. Nd5 Ke6 41. Ne3 Bd4 42. Kf3 h5 43. Ke4 Bc5 44. f3 Bd6 45. f4 Bb4 46. f5+
gxf5+ 47. Nxf5 Kf6 48. Nd4 Bd6 49. Ne2 Kg6 50. Kd5 Bb4 51. Ke5 Be1 52. Ke4 Bf2
53. Kf3 Be1 54. Nf4+ Kh6 55. Nd3 Ba5 56. Ke4 Bc7 57. Nf4 Ba5 58. Kf5 Be1 59.
Ne2 Bf2 60. Kf6 Be1 61. Kf7 Bf2 1/2-1/2

[Event "XI Open Vallee d'Aoste A"]
[Site "Saint Vincent - Chatillon ITA"]
[Date "2003.02.10"]
[Round "3"]
[White "Chatalbashev, Boris"]
[Black "Dittmar, Peter"]
[Result "1/2-1/2"]
[WhiteElo "2515"]
[BlackElo "2320"]
[PlyCount "53"]
[EventDate "2003.02.08"]

1. d4 Nf6 2. c4 e6 3. Nc3 d5 4. cxd5 exd5 5. Bg5 c6 6. e3 Be7 7. Qc2 Nbd7 8.
Bd3 h6 9. Bh4 O-O 10. Nge2 Re8 11. O-O-O Ne4 12. Bxe7 Qxe7 13. Bxe4 dxe4 14.
Ng3 Nf6 15. Rhe1 Bg4 16. Rd2 Rad8 17. h3 Bc8 18. f3 exf3 19. gxf3 Nd5 20. Nxd5
cxd5 21. Rd3 Qh4 22. Qf2 Bf5 23. Rc3 Rc8 24. Kd2 Rxc3 25. bxc3 Re6 26. Re2 Rb6
27. Nxf5 1/2-1/2

[Event "XI Open Vallee d'Aoste A"]
[Site "Saint Vincent - Chatillon ITA"]
[Date "2003.02.10"]
[Round "3"]
[White "Costantini, Roberto"]
[Black "Golod, Vitali"]
[Result "1/2-1/2"]
[WhiteElo "2274"]
[BlackElo "2532"]
[PlyCount "101"]
[EventDate "2003.02.08"]

1. e4 Nf6 2. e5 Nd5 3. d4 d6 4. Nf3 dxe5 5. Nxe5 c6 6. Nd2 Nd7 7. Ndf3 Nxe5 8.
Nxe5 g6 9. Bc4 Bg7 10. O-O Be6 11. Bb3 a5 12. c3 O-O 13. Re1 Qc8 14. a4 Rd8 15.
Qf3 b6 16. h3 Ra7 17. Bd2 Rc7 18. c4 Nb4 19. Bxb4 axb4 20. Rad1 Rf8 21. d5 Bd7
22. Nd3 cxd5 23. cxd5 Qa8 24. Nxb4 Bxa4 25. Ra1 Ra7 26. Bxa4 Rxa4 27. Rxa4 Qxa4
28. Nc6 Bxb2 29. Rxe7 Qa1+ 30. Kh2 Ba3 31. Ra7 Bd6+ 32. g3 Qb2 33. Rd7 Bc5 34.
Kg2 Qc2 35. Nd8 Bxf2 36. Qxf2 Qc8 37. Rxf7 Qxd8 38. Rxf8+ Qxf8 39. Qxb6 Qf5 40.
Qb8+ Kg7 41. Qc7+ Kg8 42. Qc4 Qe5 43. h4 Kg7 44. Qd3 Kf7 45. Kf3 Ke7 46. Qc4
Qf5+ 47. Kg2 Qe5 48. Kh2 Kd6 49. Qc6+ Ke7 50. Qc5+ Kd7 51. Qc6+ 1/2-1/2

[Event "XI Open Vallee d'Aoste A"]
[Site "Saint Vincent - Chatillon ITA"]
[Date "2003.02.10"]
[Round "3"]
[White "Delchev, Aleksander"]
[Black "Efimov, Igor"]
[Result "0-1"]
[WhiteElo "2583"]
[BlackElo "2480"]
[PlyCount "80"]
[EventDate "2003.02.08"]

1. e4 d6 2. d4 Nf6 3. f3 c6 4. c4 g6 5. Nc3 a6 6. Be3 b5 7. e5 dxe5 8. dxe5
Qxd1+ 9. Rxd1 Nh5 10. Nge2 Nd7 11. Nd4 b4 12. Na4 Nxe5 13. Nb6 Rb8 14. c5 Bb7
15. g4 Ng7 16. Bf4 f6 17. Bxa6 Bxa6 18. Bxe5 Rd8 19. Kf2 fxe5 20. Nxc6 Rxd1 21.
Rxd1 Ne6 22. Rd5 b3 23. a4 Bg7 24. Nb4 O-O 25. Nxa6 e4 26. Nc4 Bd4+ 27. Ke1
exf3 28. Nc7 Nxc7 29. Rxd4 Ne6 30. Rd5 Rf4 31. Nd2 Rxa4 32. Nxf3 Rc4 33. Ne5
Rc1+ 34. Rd1 Rxc5 35. Nd3 Rc4 36. h3 Ng5 37. Rc1 Re4+ 38. Kd2 Nxh3 39. Rc3 Rxg4
40. Rxb3 Nf4 0-1

[Event "XI Open Vallee d'Aoste A"]
[Site "Saint Vincent - Chatillon ITA"]
[Date "2003.02.10"]
[Round "3"]
[White "Drazic, Sinisa"]
[Black "Brancaleoni, Maurizio"]
[Result "1-0"]
[WhiteElo "2462"]
[BlackElo "2275"]
[PlyCount "97"]
[EventDate "2003.02.08"]

1. d4 d5 2. Nf3 Nf6 3. Bf4 c5 4. e3 Nc6 5. c3 Qb6 6. Qb3 c4 7. Qc2 Bf5 8. Qc1
h6 9. h3 e6 10. Be2 Qa5 11. Nbd2 b5 12. a3 Qb6 13. O-O Rc8 14. Re1 Be7 15. Bd1
O-O 16. Bc2 Qb7 17. Qb1 Bxc2 18. Qxc2 a5 19. e4 b4 20. axb4 axb4 21. exd5 exd5
22. Ne5 Rfe8 23. Qf5 Nxe5 24. dxe5 Qd7 25. Qc2 Nh7 26. Be3 Nf8 27. Red1 b3 28.
Qc1 f6 29. Nf3 Ra8 30. Qd2 Rxa1 31. Rxa1 Qe6 32. Bf4 Ng6 33. Re1 Nxf4 34. Qxf4
fxe5 35. Rxe5 Qf7 36. Qe3 Kf8 37. Qd2 Bf6 38. Rxd5 Qe6 39. g4 Qe2 40. Kg2 Qxd2
41. Nxd2 Rc8 42. Rb5 Bg5 43. f4 Be7 44. Rf5+ Kg8 45. Re5 Bf6 46. Re4 Ra8 47.
Nxc4 Ra1 48. Re8+ Kf7 49. Rb8 1-0

[Event "XI Open Vallee d'Aoste A"]
[Site "Saint Vincent - Chatillon ITA"]
[Date "2003.02.10"]
[Round "3"]
[White "Guennoun, Anthony"]
[Black "Rivara, Massimo"]
[Result "0-1"]
[WhiteElo "2111"]
[BlackElo "1705"]
[PlyCount "42"]
[EventDate "2003.02.08"]

1. e4 c5 2. Nf3 d6 3. Bb5+ Bd7 4. Bxd7+ Nxd7 5. O-O Ngf6 6. Qe2 e5 7. c3 Be7 8.
d4 cxd4 9. cxd4 O-O 10. Nc3 Rc8 11. Rd1 Qc7 12. Bg5 Rfe8 13. Rac1 Qb8 14. dxe5
dxe5 15. Bh4 Rc6 16. h3 Qc8 17. Bg3 Bb4 18. Rd3 Nxe4 19. Rxd7 Nxg3 20. Qd1 Bxc3
21. bxc3 Ne2+ 0-1

[Event "XI Open Vallee d'Aoste A"]
[Site "Saint Vincent - Chatillon ITA"]
[Date "2003.02.10"]
[Round "3"]
[White "Legky, Nikolay A."]
[Black "Volkov, Sergey"]
[Result "0-1"]
[WhiteElo "2507"]
[BlackElo "2624"]
[PlyCount "74"]
[EventDate "2003.02.08"]

1. d4 d5 2. c4 c6 3. Nf3 Nf6 4. cxd5 cxd5 5. Nc3 Nc6 6. Bf4 Nh5 7. Be5 e6 8. e3
Be7 9. Bd3 O-O 10. O-O f6 11. Bg3 Nxg3 12. hxg3 Rf7 13. Rc1 g5 14. a3 g4 15.
Ne1 f5 16. Bb5 Bd6 17. Nd3 Ne7 18. Ne2 h5 19. Nef4 Rh7 20. Qa4 Kf7 21. Rc3 a6
22. Rxc8 Nxc8 23. Bd7 Rh6 24. Bxc8 Rxc8 25. b4 Qe8 26. Qb3 Qb5 27. Qb1 b6 28.
f3 Rc3 29. e4 Qc4 30. exd5 Qxd4+ 31. Rf2 h4 32. dxe6+ Ke8 33. Ne2 Qxd3 34. Nxc3
Qxc3 35. Qxf5 Qe1+ 36. Rf1 Qe3+ 37. Rf2 Rxe6 0-1

[Event "XI Open Vallee d'Aoste A"]
[Site "Saint Vincent - Chatillon ITA"]
[Date "2003.02.10"]
[Round "3"]
[White "Mantovani, Renzo"]
[Black "Pavlovic, Milos"]
[Result "1-0"]
[WhiteElo "2349"]
[BlackElo "2560"]
[PlyCount "77"]
[EventDate "2003.02.08"]

1. e4 c5 2. Nf3 e6 3. d4 cxd4 4. Nxd4 Nf6 5. Bd3 d6 6. O-O Be7 7. c4 O-O 8. Nc3
Re8 9. b3 Nc6 10. Nxc6 bxc6 11. Qc2 h6 12. Kh1 e5 13. f4 Be6 14. f5 Bc8 15. Qe2
Bb7 16. Bd2 Qd7 17. Rae1 Bd8 18. Nd1 Bb6 19. Ne3 Bxe3 20. Bxe3 d5 21. cxd5 cxd5
22. Bb5 Bc6 23. Bxc6 Qxc6 24. Rc1 Qb7 25. exd5 Qxd5 26. Qa6 Rad8 27. Qc6 Qd3
28. Bxa7 Rc8 29. Qxc8 Rxc8 30. Rxc8+ Kh7 31. Rcc1 Qa6 32. Bg1 Qxa2 33. b4 Nd5
34. b5 Nf4 35. Rf2 Qb3 36. b6 Nd3 37. Rf3 Qb2 38. Rd1 e4 39. Rff1 1-0

[Event "XI Open Vallee d'Aoste A"]
[Site "Saint Vincent - Chatillon ITA"]
[Date "2003.02.10"]
[Round "3"]
[White "Miladinovic, Igor"]
[Black "Scalcione, Michelangelo"]
[Result "1-0"]
[WhiteElo "2526"]
[BlackElo "2366"]
[PlyCount "123"]
[EventDate "2003.02.08"]

1. d4 d6 2. e4 e5 3. dxe5 dxe5 4. Qxd8+ Kxd8 5. f4 Nd7 6. Nf3 Bd6 7. Nc3 Ngf6
8. fxe5 Nxe5 9. Bg5 h6 10. Bh4 Ng6 11. Bxf6+ gxf6 12. O-O-O Be6 13. Nd5 c6 14.
Nxf6 Ke7 15. Nh5 Rad8 16. h3 Rhg8 17. g4 a5 18. a3 Bc7 19. Rxd8 Rxd8 20. Be2
Ne5 21. Nh4 Ng6 22. Nf3 Ne5 23. Rf1 Nxf3 24. Rxf3 Rd4 25. Bd3 Be5 26. Nf4 Rd8
27. Ng2 Rd4 28. Ne3 b5 29. Kb1 Rd8 30. Kc1 Rd4 31. Nf5+ Bxf5 32. Rxf5 f6 33.
Rh5 Rd8 34. Kb1 Bf4 35. a4 bxa4 36. Rxa5 Rd4 37. Ka2 Be5 38. Ra6 Kd7 39. Ra5
Kc7 40. h4 Kb6 41. Ra8 Bg3 42. Rh8 Bxh4 43. Rxh6 Bg5 44. Rh5 Bd2 45. Rf5 Rd6
46. Ka3 Bc1 47. Rf1 Bg5 48. Kxa4 c5 49. Kb3 Re6 50. Kc4 Re5 51. c3 Kc6 52. Ra1
Kb6 53. Ra8 Kb7 54. Rf8 Kb6 55. Bc2 Bh4 56. Kd3 Bg5 57. Bb3 Re7 58. Bd5 Rh7 59.
Rg8 Kb5 60. Rb8+ Ka6 61. Kc4 Rc7 62. Rg8 1-0

[Event "XI Open Vallee d'Aoste A"]
[Site "Saint Vincent - Chatillon ITA"]
[Date "2003.02.10"]
[Round "3"]
[White "Mitkov, Nikola"]
[Black "Arakhamia-Grant, Ketevan"]
[Result "0-1"]
[WhiteElo "2534"]
[BlackElo "2413"]
[PlyCount "66"]
[EventDate "2003.02.08"]

1. e4 c5 2. Nc3 e6 3. Nf3 d6 4. d4 cxd4 5. Nxd4 Nf6 6. Be3 a6 7. f4 b5 8. Bd3
Nbd7 9. a4 bxa4 10. Nxa4 Bb7 11. Qf3 Rc8 12. Nb3 d5 13. e5 Ne4 14. O-O Be7 15.
Nd4 g6 16. Qh3 Qc7 17. Rad1 h5 18. b3 Ndc5 19. Nxc5 Nxc5 20. Be2 Ne4 21. Bd3
Nc5 22. Bxg6 fxg6 23. b4 Nd7 24. Nxe6 Qxc2 25. Ng7+ Kd8 26. e6 Nc5 27. bxc5 Qc3
28. c6 Rxc6 29. Rxd5+ Kc8 30. Bd4 Qxh3 31. gxh3 Rc2 32. Rd7 Rg2+ 33. Kh1 Bc6
0-1

[Event "XI Open Vallee d'Aoste A"]
[Site "Saint Vincent - Chatillon ITA"]
[Date "2003.02.10"]
[Round "3"]
[White "Nevednichy, Vladislav"]
[Black "Saldano Dayer, Horacio"]
[Result "1/2-1/2"]
[WhiteElo "2567"]
[BlackElo "2442"]
[PlyCount "96"]
[EventDate "2003.02.08"]

1. e4 c5 2. Nf3 g6 3. d4 Bg7 4. c4 cxd4 5. Nxd4 Nc6 6. Be3 Nf6 7. Nc3 O-O 8.
Be2 d6 9. O-O Bd7 10. Qd2 Nxd4 11. Bxd4 Bc6 12. f3 a5 13. b3 Nd7 14. Be3 Nc5
15. Rab1 Qb6 16. Rfd1 Qb4 17. Nd5 Bxd5 18. exd5 Qxd2 19. Rxd2 Bc3 20. Rdd1 Bb4
21. Bc1 Bc3 22. g3 Rfc8 23. Kg2 Nd7 24. f4 Bg7 25. Be3 Nc5 26. Kf3 f5 27. Rbc1
Ne4 28. Rd3 Bb2 29. Rc2 Ba3 30. g4 Nc5 31. Bxc5 fxg4+ 32. Kg3 Bxc5 33. Bxg4 Rc7
34. h4 a4 35. h5 axb3 36. axb3 Ra1 37. hxg6 b6 38. Be6+ Kf8 39. f5 hxg6 40. Rg2
Rca7 41. Kh2 R7a2 42. Rxa2 Rxa2+ 43. Kg3 Re2 44. Rd1 Re3+ 45. Kg4 Re4+ 46. Kf3
Re3+ 47. Kg4 Re4+ 48. Kf3 Re3+ 1/2-1/2

[Event "XI Open Vallee d'Aoste A"]
[Site "Saint Vincent - Chatillon ITA"]
[Date "2003.02.10"]
[Round "3"]
[White "Palac, Mladen"]
[Black "Skripchenko, Almira"]
[Result "1/2-1/2"]
[WhiteElo "2591"]
[BlackElo "2501"]
[PlyCount "105"]
[EventDate "2003.02.08"]

1. e4 c5 2. Nf3 e6 3. d4 cxd4 4. Nxd4 Nf6 5. Nc3 Nc6 6. Nxc6 bxc6 7. e5 Nd5 8.
Ne4 Bb7 9. Be2 c5 10. O-O Qc7 11. c4 Ne3 12. Nd6+ Bxd6 13. exd6 Qc6 14. Bf3
Nxd1 15. Bxc6 Bxc6 16. Rxd1 O-O 17. Be3 Rfc8 18. Rd3 Be4 19. Rb3 Rc6 20. f3 Bf5
21. Rb7 e5 22. b3 a6 23. Rd1 Be6 24. f4 exf4 25. Bxf4 f6 26. Rc7 Rc8 27. h3 h5
28. Rxc8+ Rxc8 29. Bd2 Kf7 30. Ba5 h4 31. Rd2 Rh8 32. Bb6 Rh5 33. Re2 Rf5 34.
Re4 Rh5 35. Kf2 Rf5+ 36. Kg1 Rh5 37. a3 Rg5 38. Kf2 Rf5+ 39. Kg1 Rg5 40. Re3
Rf5 41. Ba5 Rf4 42. Bb6 Rf5 43. Re4 Rg5 44. Kf2 Rf5+ 45. Ke1 Rg5 46. Re2 Rg3
47. Rb2 Re3+ 48. Kf2 Re5 49. Re2 Rg5 50. Re3 Rf5+ 51. Rf3 Rg5 52. Ba5 Re5 53.
Re3 1/2-1/2

[Event "XI Open Vallee d'Aoste A"]
[Site "Saint Vincent - Chatillon ITA"]
[Date "2003.02.10"]
[Round "3"]
[White "Relange, Eloi"]
[Black "Geveke, Michael"]
[Result "1-0"]
[WhiteElo "2499"]
[BlackElo "2285"]
[PlyCount "71"]
[EventDate "2003.02.08"]

1. d4 Nf6 2. c4 c5 3. d5 e6 4. Nc3 exd5 5. cxd5 d6 6. e4 g6 7. h3 Bg7 8. Nf3
O-O 9. Bd3 a6 10. a4 Nbd7 11. O-O Ne8 12. Bf4 Qe7 13. a5 Rb8 14. Na4 Nc7 15.
Rb1 Nb5 16. Qd2 Ne5 17. Nxe5 Bxe5 18. Nb6 Nd4 19. Nc4 Bxh3 20. Bh6 Rfd8 21. f4
Bh8 22. Bg5 f6 23. Bh4 Bg4 24. b4 Bg7 25. bxc5 dxc5 26. Rb6 h6 27. f5 gxf5 28.
Ne3 h5 29. Nxf5 Nxf5 30. exf5 Qe5 31. Bc4 Kh7 32. Re1 Qd4+ 33. Qxd4 cxd4 34.
Re7 Bxf5 35. Bxf6 Rd7 36. Bd3 1-0

[Event "XI Open Vallee d'Aoste A"]
[Site "Saint Vincent - Chatillon ITA"]
[Date "2003.02.10"]
[Round "3"]
[White "Roeder, Matthias"]
[Black "Jones, Gawain C.B."]
[Result "1-0"]
[WhiteElo "2442"]
[BlackElo "2271"]
[PlyCount "97"]
[EventDate "2003.02.08"]

1. Nf3 Nf6 2. c4 c5 3. Nc3 Nc6 4. d4 cxd4 5. Nxd4 g6 6. e4 d6 7. Be2 Bg7 8. Be3
O-O 9. O-O Bd7 10. Qd2 Ng4 11. Bxg4 Bxg4 12. f4 Nxd4 13. Bxd4 e5 14. Be3 exf4
15. Rxf4 Be6 16. b3 a6 17. Raf1 Qa5 18. Bd4 Bxd4+ 19. Qxd4 Qe5 20. Qxe5 dxe5
21. R4f2 f5 22. exf5 gxf5 23. Rd2 Rad8 24. Rfd1 Rxd2 25. Rxd2 Rf7 26. Rd6 Bd7
27. b4 f4 28. Kf2 Rg7 29. Nd5 Bc6 30. Re6 Rg5 31. h4 Rg3 32. Rxe5 Ra3 33. Ne7+
Kg7 34. Nxc6 bxc6 35. Re6 Rxa2+ 36. Kf3 Rb2 37. Rxc6 Rxb4 38. Kxf4 a5 39. Ke5
a4 40. Kd5 Rb2 41. Ra6 Rd2+ 42. Kc6 Rxg2 43. Rxa4 Rg4 44. Kb5 Rxh4 45. c5 Rh1
46. c6 Re1 47. c7 Re8 48. Kc6 Kf6 49. Ra5 1-0

[Event "XI Open Vallee d'Aoste A"]
[Site "Saint Vincent - Chatillon ITA"]
[Date "2003.02.10"]
[Round "3"]
[White "Szekely, Peter"]
[Black "Georgiev, Vladimir"]
[Result "1/2-1/2"]
[WhiteElo "2417"]
[BlackElo "2549"]
[PlyCount "98"]
[EventDate "2003.02.08"]

1. Nf3 d6 2. d4 g6 3. g3 Bg7 4. Bg2 Nf6 5. O-O O-O 6. c4 c6 7. Nc3 Qa5 8. h3 e5
9. e4 Nbd7 10. Be3 Nb6 11. Nd2 exd4 12. Bxd4 Be6 13. Qf3 Nfd7 14. Bxg7 Kxg7 15.
b3 Rae8 16. Rad1 f5 17. Qe3 Qc5 18. Rfe1 Qxe3 19. Rxe3 f4 20. gxf4 Rxf4 21. Nf3
Nc8 22. e5 Nxe5 23. Nxe5 dxe5 24. Rxe5 Rff8 25. Rde1 Bf7 26. Rxe8 Rxe8 27. Rxe8
Bxe8 28. Ne4 b6 29. f4 c5 30. Nc3 Ne7 31. Kf2 Kf7 32. Bf3 Nf5 33. Bg4 Nd4 34.
Ne2 Nxe2 35. Kxe2 Kf6 36. h4 Bc6 37. Ke3 Be8 38. Bh3 Bf7 39. Bg4 Be6 40. Bd1
Bf5 41. Kd2 Bh3 42. Bc2 Bg4 43. Be4 Ke6 44. Bb7 Kf5 45. Ke3 Kf6 46. Bc6 a5 47.
Be4 Bf5 48. Bxf5 Kxf5 49. Kf3 h6 1/2-1/2

[Event "XI Open Vallee d'Aoste A"]
[Site "Saint Vincent - Chatillon ITA"]
[Date "2003.02.10"]
[Round "3"]
[White "Tiviakov, Sergei"]
[Black "Djingarova, Emilia"]
[Result "1-0"]
[WhiteElo "2635"]
[BlackElo "2267"]
[PlyCount "77"]
[EventDate "2003.02.08"]

1. e4 c5 2. Nc3 d6 3. Nge2 Nc6 4. d4 cxd4 5. Nxd4 a6 6. Be3 Nf6 7. Be2 e6 8.
O-O Be7 9. a4 Qc7 10. f4 O-O 11. Kh1 Re8 12. Bf3 Bd7 13. Nb3 b6 14. g4 Bc8 15.
g5 Nd7 16. Bg2 Rb8 17. Qe2 Nb4 18. Rf2 Bf8 19. Raf1 Nc5 20. Nd4 d5 21. e5 Bd7
22. Ra1 Nc6 23. Rf3 Nxd4 24. Bxd4 b5 25. axb5 axb5 26. Rh3 g6 27. Nd1 Ra8 28.
Rc1 Ra4 29. Qe3 Rea8 30. b3 Ra2 31. Nf2 h5 32. gxh6 Na6 33. f5 Rxc2 34. Rf1 Rc8
35. fxg6 fxg6 36. Nd3 Be7 37. Qf4 Kh8 38. Qf7 Bf8 39. Qxg6 1-0

[Event "XI Open Vallee d'Aoste A"]
[Site "Saint Vincent - Chatillon ITA"]
[Date "2003.02.10"]
[Round "3"]
[White "Vassallo Barroche, Mauricio"]
[Black "Atalik, Suat"]
[Result "1/2-1/2"]
[WhiteElo "2443"]
[BlackElo "2581"]
[PlyCount "53"]
[EventDate "2003.02.08"]

1. c4 e6 2. Nf3 Nf6 3. g3 b6 4. Bg2 Bb7 5. O-O Be7 6. Nc3 O-O 7. Re1 d5 8. cxd5
exd5 9. d4 Na6 10. Bf4 Qd7 11. Rc1 Rfd8 12. a3 c5 13. Ne5 Qe6 14. h4 Ne4 15.
dxc5 Bxc5 16. Nd3 Bd4 17. Nb5 Bf6 18. Nc7 Nxc7 19. Rxc7 Rd7 20. Rxd7 Qxd7 21.
Be5 Bxe5 22. Nxe5 Qf5 23. Nd3 Rc8 24. Qa4 a5 25. Qd4 Qf6 26. Qxf6 Nxf6 27. Rc1
1/2-1/2

[Event "XI Open Vallee d'Aoste A"]
[Site "Saint Vincent - Chatillon ITA"]
[Date "2003.02.10"]
[Round "3"]
[White "Zelcic, Robert"]
[Black "Barthel, Ansgar"]
[Result "1-0"]
[WhiteElo "2576"]
[BlackElo "2237"]
[PlyCount "43"]
[EventDate "2003.02.08"]

1. e4 Nf6 2. e5 Nd5 3. d4 d6 4. Nf3 Nb6 5. a4 a5 6. Bb5+ c6 7. Be2 Bg4 8. Ng5
Bxe2 9. Qxe2 h6 10. Ne4 dxe5 11. dxe5 e6 12. O-O Qc7 13. Bf4 Nd5 14. Bg3 Nd7
15. Nbd2 Nc5 16. c4 Nb4 17. Nxc5 Bxc5 18. Ne4 Qb6 19. Rad1 O-O 20. Bh4 Kh8 21.
Rd7 Na6 22. Nf6 1-0